| 000 | 00560nam a2200193Ia 4500 | ||
|---|---|---|---|
| 008 | 220216s9999 xx 000 0 und d | ||
| 100 | _aMontagnini F | ||
| 245 | 0 | _aCarbon sequestration : An underexploited environmental benefit of agroforestry systems | |
| 260 |
_bAgroforestry Systems _c2004 |
||
| 300 | _a281-295 | ||
| 650 | _aCarbon market | ||
| 650 | _aKyoto protocol | ||
| 650 | _aPES(payment for environmental services) | ||
| 650 | _aPolicy framework | ||
| 650 | _aSilvopasture | ||
| 650 | _aSoil carbon | ||
| 700 | _aNair P K R | ||
| 942 | _cJS | ||
| 999 |
_c55159 _d55159 |
||